Návrh informačného systému poisťovne s využitím UML = Design of an information system for insurance companies using UML : Diplomová práca

Enregistré dans:
Détails bibliographiques
Auteur principal: Temiak, Jozef (Auteur)
Autres auteurs: Tanuška, Pavol, 1966- (xxx)
Format: Manuscrit Livre
Langue:slovaque
Publié: Trnava : STU v Bratislave MTF UIAM, 2009
Sujets:
Tags: Ajouter un tag
Pas de tags, Soyez le premier à ajouter un tag!

MARC

LEADER 00000ntm a22000003a 4500
001 stu197595
005 20160719160027.3
008 100108s2009----xo------------------slo-d
040 |a STU  |b slo 
041 0 |a slo 
044 |a xo 
100 1 |a Temiak, Jozef  |4 aut 
245 1 |a Návrh informačného systému poisťovne s využitím UML = Design of an information system for insurance companies using UML :  |b Diplomová práca 
260 |a Trnava :  |b STU v Bratislave MTF UIAM,  |c 2009 
300 |a 83 s  |c príl (1 CD-ROM) 
500 |a Študijný program: automatizácia a informatizácia procesov 
500 |a Študijný odbor: 5.2.14 automatizácia 
650 7 |a informačný systém podniku  |2 stusub 
650 7 |a štruktúrovaná analýza  |2 stusub 
700 1 |a Tanuška, Pavol,  |d 1966-  |4 xxx  |u M6000  |U MTF Materiálovotechnologická fakulta  |T MTF Ústav aplikovanej informatiky, automatizácie a matematiky  |X 248  |U M6000  |Y 86  |7 A000000248 
996 |b 284M071993  |c M*DP-8554  |l MMSKP  |s P  |a 0  |w stu197595_0001